Loading...
Fine Arts - Classical Music | 5 | 10.00 | 60% | 40% | 0% |
Fine Arts - Other Fine Arts | 4 | 20.00 | 100% | 75% | 25% |
Geography | 4 | 15.00 | 100% | 50% | 0% |
History - American History | 4 | 15.00 | 100% | 50% | 0% |
History - European History | 4 | 15.00 | 100% | 50% | 0% |
History - Other History | 4 | 12.50 | 100% | 25% | 0% |
History - World History | 1 | 20.00 | 100% | 100% | 0% |
Literature - American Literature | 5 | 16.00 | 100% | 60% | 0% |
Literature - British Literature | 5 | 8.00 | 80% | 0% | 0% |
Literature - European Literature | 6 | 13.33 | 83% | 33% | 17% |
Literature - World Literature | 6 | 15.00 | 100% | 50% | 0% |
Mythology | 5 | 16.00 | 100% | 40% | 20% |
Painting/Sculpture | 4 | 17.50 | 100% | 50% | 25% |
Philosophy | 6 | 15.00 | 100% | 33% | 17% |
Religion | 4 | 17.50 | 100% | 75% | 0% |
Science - Biology | 2 | 20.00 | 100% | 100% | 0% |
Science - Chemistry | 6 | 10.00 | 83% | 17% | 0% |
Science - Other Science | 4 | 7.50 | 75% | 0% | 0% |
Science - Physics | 5 | 14.00 | 100% | 40% | 0% |
Social Science | 1 | 20.00 | 100% | 100% | 0% |